| 000 | 00951cam a2200289 4500 | ||
|---|---|---|---|
| 001 | 773218 | ||
| 005 | 20240818092926.0 | ||
| 008 | 710628s1971 ilua b 001 0 eng | ||
| 010 | _a 72135765 | ||
| 040 |
_aDLC _cDLC _dDLC |
||
| 050 | 0 | 0 |
_aQA37 _b.T36 1971 |
| 082 | 0 | 0 |
_a510 _220 _bATH |
| 100 | 1 |
_aTheodore, Chris Athanasios. _97479 |
|
| 245 | 1 | 0 |
_aApplied mathematics: an introduction; _bmathematical analysis for management _c[by] Chris A. Theodore. |
| 250 | _aRev. ed. | ||
| 260 |
_aHomewood, Ill., _bR. D. Irwin, _c1971. |
||
| 300 |
_axiii, 722 p. _billus. _c24 cm. |
||
| 490 | 0 | _aIrwin series in quantitative analysis for business | |
| 500 | _aIncluding Index. | ||
| 504 | _aBibliography: p. [643]-649. | ||
| 650 | 0 |
_aMathematics. _97480 |
|
| 650 | 0 |
_aEconomics, Mathematical. _97481 |
|
| 942 |
_2ddc _cBB _hRDA-MOD |
||
| 999 |
_c12178 _d12178 |
||
| 336 |
_2rdacontent _atext _btxt |
||
| 337 |
_aunmediated _2rdamedia _bn |
||
| 338 |
_avolume _bnc _2rdacarrier |
||